El modelo atómico de Bohr /

Curso audiovisual de física, formado por más de 40 programas de media hora de duración, distribuidos en doce unidades temáticas y cada uno de ellos desarrollados a partir de uno o más experimentos. La unidad 11 está encabezada por el título La naturaleza cuántica del átomo y la integran cuatro progr...

Повний опис

Збережено в:
Бібліографічні деталі
Автор: Boniface, Michele (prod.)
Інші автори: Welsh, Mathew (realización) (realización), Boniface, Michele (realización) (realización)
Формат: Слайд
Мова:Іспанська
Опубліковано: Canadá : Alberta Education, 1996, c1996
México : Películas EBESA [distribución], 2005, c2005
Серія:(Física, un Mundo en Movimiento. La Naturaleza Cuántica del Atomo ; 11.3)
Предмети:
Теги: Додати тег
Немає тегів, Будьте першим, хто поставить тег для цього запису!

MARC

LEADER 00000ngm^a2200000^a^4500
001 000318171
005 20250521000000.0
009 20260310113405.16
037 |a Acervo ITESO - Biblioteca 
041 |a ESP 
082 |a 530.  |b FIS V. 41 
100 |a Boniface, Michele  |e (prod.) 
240 1 1 |a [Física: un mundo en movimiento] 
240 1 1 |a [Física: un mundo en movimiento: la naturaleza cuántica del átomo] 
245 1 3 |a El modelo atómico de Bohr /  |c Prod. de M. Boniface ; realización de M. Welsh, M. Boniface. 
264 4 |a Canadá :  |b Alberta Education,  |c 1996, c1996 
264 4 |a México :  |b Películas EBESA [distribución],  |c 2005, c2005 
300 |a 1 DVD región 4  |c (29 min.) 
336 |a imagen móvil bidimensional  |b tdi  |2 rdacontenido 
337 |a video  |b v  |2 rdamedio 
338 |a videodisco  |b vd  |2 rdasoporte 
440 1 |a (Física, un Mundo en Movimiento.  |p La Naturaleza Cuántica del Atomo ;  |v 11.3) 
500 |a Traducción de: The Brohr Model of the Atom 
500 |a Traducción de: Physics: A World in Motion. Quantum Nature of the Atom 
520 |a Curso audiovisual de física, formado por más de 40 programas de media hora de duración, distribuidos en doce unidades temáticas y cada uno de ellos desarrollados a partir de uno o más experimentos. La unidad 11 está encabezada por el título La naturaleza cuántica del átomo y la integran cuatro programas: 39) Espectro atómico, 40) El espectro del hidrógeno, 41) El modelo atómico de Bohr y 42) Modelo atómico cuántico. Los estudiantes participantes en el programa número 41 emplean la luz láser como referente de apoyo para sintetizar las ideas del espectro atómico y las características del espectro de hidrógeno y, así, presentar el modelo atómico de Niels Bohr. 
520 |a Suplementos y características especiales: ninguna. 
546 |a Doblaje al español 
649 |a XX 
650 |a Atomos 
650 |a Modelos Nucleares -  |x Tema Principal 
650 |a Física Nuclear 
650 |a Física 
700 |a Welsh, Mathew  |e (realización) 
700 |a Boniface, Michele  |e (realización) 
910 |a Fondo General 
920 |a Audiovisuales - DVDs 
905 |a 308 
901 |a DVD0006239  |b IT2  |c DVR  |u 20250521 
902 |a https://opac.biblio.iteso.mx/vufind/Record/000318171